| Tag |
First Indicator |
Second Indicator |
Subfields |
| LEADER |
00000cam a2200000 4500 |
| 001 |
in00000079622 |
| 005 |
20171111064626.0 |
| 008 |
750623s1952 ilu b 00000 eng u |
| 010 |
|
|
|a 52005891
|
| 035 |
|
|
|a (OCoLC)01404724
|
| 035 |
|
|
|9 AAH5398AM
|
| 040 |
|
|
|c MIA
|d TXA
|d UtOrBLW
|
| 049 |
|
|
|a TXAM
|c [209575]
|
| 050 |
0 |
0 |
|a Z2014.F5
|b N5
|
| 082 |
0 |
|
|a 094.4
|
| 090 |
|
|
|a Z2014.F5
|b N5 1952
|
| 092 |
|
|
|a 094.4
|b N714
|
| 245 |
0 |
0 |
|a Nineteenth-century English books ;
|b some problems in bibliography.
|
| 264 |
|
1 |
|a Urbana :
|b University of Illinois Press,
|c 1952.
|
| 300 |
|
|
|a xi, 88 pages ;
|c 24 cm.
|
| 336 |
|
|
|a text
|b txt
|2 rdacontent
|
| 337 |
|
|
|a unmediated
|b n
|2 rdamedia
|
| 338 |
|
|
|a volume
|b nc
|2 rdacarrier
|
| 490 |
1 |
|
|a Third annual Windsor lectures in librarianship, 1951
|
| 505 |
0 |
|
|a The importance of original editions, by G. N. Ray.--American editions of English authors, by C. J. Weber.--Some bibliographical agenda, by J. Carter.
|
| 650 |
|
0 |
|a English literature
|x First editions
|v Bibliography.
|
| 650 |
|
0 |
|a English literature
|y 19th century
|v Bibliography.
|
| 650 |
|
0 |
|a Books
|x Pirated editions.
|
| 700 |
1 |
|
|a Ray, Gordon N.
|q (Gordon Norton),
|d 1915-1986.
|
| 830 |
|
0 |
|a Phineas L. Windsor lectures in librarianship ;
|v 1951.
|
| 999 |
|
|
|a MARS
|
| 999 |
f |
f |
|s 7ed22263-952e-308d-ac63-87aef74187f0
|i 0fe243c7-852d-36a7-bbab-f1c2658f3bc4
|t 0
|
| 952 |
f |
f |
|p normal
|a Texas A&M University
|b College Station
|c Sterling C. Evans Library
|d Evans: Library Stacks
|t 0
|e Z2014.F5 N5 1952
|h Library of Congress classification
|i unmediated -- volume
|m A14800503657
|
| 998 |
f |
f |
|a Z2014.F5 N5 1952
|t 0
|l Evans: Library Stacks
|